<?xml version="1.0" encoding="UTF-8"?>
<marc:record xmlns:marc="http://www.loc.gov/MARC21/slim">
   <marc:leader>00000nam a2200000 a 4500</marc:leader>
   <marc:datafield ind1="1" ind2=" " tag="100">
      <marc:subfield code="a">Arnold, Daniela</marc:subfield>
      <marc:subfield code="4">aut</marc:subfield>
      <marc:subfield code="e">Verfasser/-in</marc:subfield>
   </marc:datafield>
   <marc:datafield ind1="0" ind2="0" tag="245">
      <marc:subfield code="a">Totenstille</marc:subfield>
   </marc:datafield>
   <marc:datafield ind1="0" ind2="0" tag="245">
      <marc:subfield code="b">Thriller</marc:subfield>
   </marc:datafield>
   <marc:datafield ind1="0" ind2="0" tag="245">
      <marc:subfield code="c">Daniela Arnold</marc:subfield>
   </marc:datafield>
   <marc:datafield ind1=" " ind2="1" tag="264">
      <marc:subfield code="b">CreateSpace Indepedent Publishing Platform</marc:subfield>
      <marc:subfield code="c">2016</marc:subfield>
   </marc:datafield>
   <marc:datafield ind1="1" ind2=" " tag="520">
      <marc:subfield code="a">Was, wenn du niemandem mehr trauen kannst? Auch nicht dir selbst? Eine unheimliche Mordserie erschüttert Augsburg und versetzt die Bevölkerung in Angst und Schrecken. Die Opfer des brutalen Killers sind Frauen, welche allesamt über Monate hinweg gefangen gehalten und gefoltert wurden. Als wieder eine junge Frau entführt wird, beginnt für Larissa Bartels von der Kripo Augsburg ein erbitterter Wettlauf gegen die Zeit. Parallel dazu bricht für die junge Notärztin Andrea die Welt zusammen: Was tun, wenn der Ehemann, die eigene Tochter und sogar Freunde behaupten, man sei nicht real? Als schließlich erneut eine Leiche gefunden wird und alle Spuren zu Andrea führen, ist sie gezwungen zu kämpfen. Um ihre Familie, ihr Leben und ihre Identität.</marc:subfield>
   </marc:datafield>
   <marc:datafield ind1=" " ind2=" " tag="020">
      <marc:subfield code="a">9781541011175</marc:subfield>
      <marc:subfield code="9">9781541011175</marc:subfield>
   </marc:datafield>
   <marc:datafield ind1=" " ind2=" " tag="020">
      <marc:subfield code="a">1541011171</marc:subfield>
      <marc:subfield code="9">1541011171</marc:subfield>
   </marc:datafield>
   <marc:datafield ind1=" " ind2=" " tag="041">
      <marc:subfield code="a">ger</marc:subfield>
   </marc:datafield>
   <marc:datafield ind1=" " ind2=" " tag="300">
      <marc:subfield code="a">250 S</marc:subfield>
   </marc:datafield>
</marc:record>
